000 004570000a22001330004500
090 _aAS
_bSeriadas
245 1 0 _aNew genus for Aepeomys fucatus allen, 1912, and Oryzomys intectus thomas, 1921
_senigmatic murid rodents from cloud forests
041 0 _aInglés
700 1 _aGómez Laverde, Marcela
_993128
700 1 _aPacheco, Victor
_950367
100 1 _aVoss, Robert S.
_995298
942 _cARTICULO
773 1 _tAmerican Museus Novitates
_h3373
_q2-42
_d2002
999 _c16207
_d16207